How Markets Fail: (Record no. 325193)

MARC details
000 -LEADER
fixed length control field 00477nam a2200169Ia 4500
008 - FIXED-LENGTH DATA ELEMENTS--GENERAL INFORMATION
fixed length control field 230718s9999 xx 000 0 und d
020 ## - INTERNATIONAL STANDARD BOOK NUMBER
International Standard Book Number 9781846143007
041 ## - LANGUAGE CODE
Language code of text/sound track or separate title eng
082 ## - DEWEY DECIMAL CLASSIFICATION NUMBER
Classification number 330.122
Item number CAS
100 ## - MAIN ENTRY--PERSONAL NAME
Personal name Cassidy J.
9 (RLIN) 136621
245 ## - TITLE STATEMENT
Title How Markets Fail:
Remainder of title The Logic Of Economic Calamities
260 ## - PUBLICATION, DISTRIBUTION, ETC. (IMPRINT)
Date of publication, distribution, etc. 2009
Name of publisher, distributor, etc. Penguin Group
300 ## - PHYSICAL DESCRIPTION
Extent 390
365 ## - TRADE PRICE
Currency code Rs.
Price amount 699.00
700 ## - ADDED ENTRY--PERSONAL NAME
Personal name Cassidy J.
9 (RLIN) 136621
906 ## - LOCAL DATA ELEMENT F, LDF (RLIN)
d O:0090613-Jul-2010B:412405-May-2010
c GENRL
b 139.8
Holdings
Withdrawn status Lost status Damaged status Not for loan Home library Current library Date acquired Vendor Budget Code Cost, normal purchase price Bill number Total Checkouts Full call number Barcode Date last seen Discount Cost, replacement price Bill Date Koha item type Original Barcode
        Cummins College of Engineering for Women Pune Cummins College of Engineering for Women Pune 13/07/2010 Tbs GENRL 559.20 4124   330.122 CCEP-BK-36400 18/07/2023 139.8 699.00 05/05/2010 Books 036400